| 000 -ლიდერი |
| ფიქსირებული სიგრძის საკონტროლო ველი |
01016nam a22001937a 4500 |
| 003 - საკონტროლო ნომრის იდენტიფიკატორი |
| საკონტროლო ველი |
Ge_BSU |
| 005 - ბოლო ოპერაციის თარიღი და დრო |
| საკონტროლო ველი |
20221201105655.0 |
| 008 - ფიქსირებული სიგრძის მონაცემთა ელემენტები - ზოგადი ინფორმაცია |
| ფიქსირებული სიგრძის საკონტროლო ველი |
221201s1982ge xxu||||| |||| 00| 0 geo d |
| 041 ## - ენის კოდი |
| Language code of text/sound track or separate title |
geo |
| 080 ## - უნივერსალური ათობითი კლასიფიკაციის ინდექსი |
| Universal Decimal Classification number |
821.161.1-31 ტ-59 |
| 100 ## - მთავარი ჩანაწერი - პიროვნების სახელი |
| Personal name |
ტინიანოვი, იური, ავტ. |
| 9 (RLIN) |
16263 |
| 245 ## - ცნობა სათაურის შესახებ |
| Title |
ვაზირ-მუხთარის სიკვდილი : |
| Remainder of title |
[რომანი] / |
| Statement of responsibility, etc |
იური.ტინიანოვი, მთარგმნ. და შენიშვნ. ავტ.: გ. ბაქანიძე ; წინასიტყვ. ავტ.: ა. გაწერელია ; |
| 264 ## - წარმოების, გამოცემის, დისტრიბუციის და სხვა ცნობები |
| გამოცემის, წარმოების, დისტრიბუციის... ადგილი |
თბილისი : |
| გამოცემის, წარმოების, დისტრიბუციის... სახელწოდება |
საბჭ. საქართველო, |
| გამოცემის, წარმოების, დისტრიბუციის... თარიღი |
1982. |
| 300 ## - ფიზიკური აღწერა |
| Extent |
486გვ. ; |
| Other physical details |
21 სმ. |
| 653 ## - INDEX TERM--UNCONTROLLED |
| Uncontrolled term |
რომანი |
| 700 ## - ADDED ENTRY--PERSONAL NAME |
| Personal name |
ბაქანიძე, გ |
| Relator term |
მთარგმნელი |
| 9 (RLIN) |
16264 |
| 700 ## - ADDED ENTRY--PERSONAL NAME |
| Personal name |
გაწერელია, ა |
| Relator term |
წინასიტყვაობის ავტორი |
| 9 (RLIN) |
16265 |
| 942 ## - ADDED ENTRY ELEMENTS (KOHA) |
| Source of classification or shelving scheme |
|
| Koha item type |
წიგნი |